Oración por la unidad de los cristianos /

Gespeichert in:
Bibliographische Detailangaben
Körperschaft: Iglesia Católica. Comisión Episcopal para la Doctrina de la Fe
Format: Buch
Sprache:Spanisch
Veröffentlicht: México : Secretariado Nacional Católico de Ecumenismo, Comisión Episcopal para la Doctrina de la Fe, 1990
Tags: Tag hinzufügen
Keine Tags, Fügen Sie das erste Tag hinzu!

MARC

LEADER 00000nam^a2200000^a^4500
001 000578269
005 20250521000000.0
009 20260310132506.136
037 |a Acervo Xavier Clavigero 
041 |a ESP 
091 |a FIP. 01141 
110 |a Iglesia Católica.  |b Comisión Episcopal para la Doctrina de la Fe 
245 1 0 |a Oración por la unidad de los cristianos / 
264 1 |a México :  |b Secretariado Nacional Católico de Ecumenismo, Comisión Episcopal para la Doctrina de la Fe,  |c 1990 
300 |a 31 p. 
336 |a texto  |b txt  |2 rdacontenido 
337 |a sin mediación  |b n  |2 rdamedio 
338 |a volumen  |b nc  |2 rdasoporte 
649 |a XX 
910 |a Fondo Manuel Ignacio Pérez Alonso S.J. 
920 |a Impresos - Libros 
930 |a Fondos Especiales 
905 |a 140 
901 |a 0500405030  |b IT2  |c ESP  |i D  |u 20250521 
902 |a https://opac.biblio.iteso.mx/vufind/Record/000578269